[Event "Olympiad Women 2024"]
[Site "Budapest HUN"]
[Date "2024.09.14"]
[Round "4.50"]
[Board "3"]
[White "Van Wyk, Keisha C"]
[Black "Anoud Eisa Bashkardi"]
[Result "1-0"]
[WhiteElo "1599"]
[BlackElo "1811"]
[PlyCount "59"]
[EventDate "2024.09.11"]
[WhiteTeam "Namibia"]
[BlackTeam "United Arab Emirates"]
[WhiteTeamCountry "NAM"]
[BlackTeamCountry "UAE"]

1. e4 e5 2. Nf3 Nc6 3. d4 exd4 4. Nxd4 Nf6 5. Nxc6 bxc6 6. Bd3 d5 7. e5 Ng4 8. O-O Qh4 9. Bf4 Bc5 10. Bg3 Qg5 ({RR} 10... Qe7 11. h3 Nh6 12. Nd2 Nf5 13. Bh2 O-O 14. c3 Bb6 15. Qe2 Qg5 16. Nf3 Qe7 17. Rae1 Be6 18. Bf4 h6 19. Kh2 Nh4 20. Nxh4 Qxh4 21. Bg3 Qe7 22. f4 Rae8 23. f5 Bc8 24. Qh5 Qg5 25. Qf3 {1-0 Kuc,M (1687)-Jaroszuk,M (1537) 270th YMCA Winter B 2023 (9)}) 11. Nd2 Qe7 $146 ({RR} 11... O-O 12. Nf3 Qe7 13. c3 f6 14. Qc2 g6 15. Rae1 fxe5 16. h3 e4 17. Bxe4 dxe4 18. hxg4 e3 19. Kh1 Bxg4 20. fxe3 Rf5 21. Nh2 Rh5 22. Rf4 Bf5 23. Qb3+ Kg7 24. e4 Re8 25. Ref1 Be6 26. c4 {0-1 Plazaola,M (2126)-Sarquis,M (2168) South America-ch U20 2006 (7)}) ({RR} 11... O-O 12. Nf3 Qd8 13. c4 f5 14. Qa4 Bb7 15. cxd5 cxd5 16. Qc2 f4 17. Bh4 Be7 18. Bxh7+ Kh8 19. Bxe7 Qxe7 20. Rfe1 c5 21. e6 Rf6 22. h3 Rh6 23. Bg6 Nf6 24. Ne5 Rf8 25. Nf7+ Rxf7 26. exf7 {1-0 Demburg,D (2096)-Mandl,R (2205) Oberliga Bayern 0910 2009 (3.4)}) ({RR} 11... h5 12. Nf3 Qe7 13. Bh4 Qe6 14. Ng5 Qh6 15. Qe2 Be6 16. h3 Kd7 17. hxg4 hxg4 18. g3 Be7 19. Qe3 Bxg5 20. Qxg5 Qxg5 21. Bxg5 Rh5 22. Bf4 Rah8 23. f3 gxf3 24. Kf2 g5 25. Be3 g4 26. Bxa7 {1-0 Fischer,J (2071)-Andriasian,S (2298) Cappelle Online Rapid op 2021 (3)}) 12. Nf3 g5 13. Qd2 Rg8 14. h4 h6 15. a3 Be6 16. Rac1 a5 17. Be2 Bf5 18. h5 Kf8 19. Nd4 Bxd4 20. Qxd4 c5 21. Qxd5 Rd8 22. Qf3 Bd7 23. Bc4 Be6 24. Bd3 c4 25. Be4 Qc5 26. Rcd1 Kg7 27. Bf5 Nxe5 28. Qe4 Bxf5 29. Bxe5+ f6 30. Qxf5 1-0

[Event "Olympiad Women 2024"]
[Site "Budapest HUN"]
[Date "2024.09.14"]
[Round "4.51"]
[Board "1"]
[White "Sokolova, Larisa"]
[Black "Martinez Orozco, Cristiana Yorlene"]
[Result "0-1"]
[WhiteElo "1705"]
[BlackElo "1761"]
[PlyCount "56"]
[EventDate "2024.09.11"]
[WhiteTeam "Cyprus"]
[BlackTeam "Nicaragua"]
[WhiteTeamCountry "CYP"]
[BlackTeamCountry "NCA"]

1. e4 c6 2. d4 d5 3. Nc3 dxe4 4. Nxe4 Nf6 5. Nxf6+ exf6 6. c3 Bd6 7. Bd3 O-O 8. Qc2 Re8+ 9. Ne2 h5 10. Be3 Qc7 ({RR} 10... Nd7 11. O-O-O b5 12. d5 c5 13. Bxb5 Rb8 14. c4 a6 15. Bc6 Re7 16. Nc3 Ne5 17. Ne4 Bg4 18. Rd2 Bf5 19. Nxf6+ gxf6 20. Qxf5 Nxc4 21. Qxf6 Nxd2 22. Qg5+ Kf8 23. Qh6+ Kg8 24. Qg5+ Kf8 25. Qh6+ {½-½ Wei Yi (2740)-Ding Liren (2780) 1st China Chess King 2024 (4.1)}) 11. O-O-O Be6 ({RR} 11... Nd7 12. c4 c5 13. Kb1 cxd4 14. Nxd4 Bc5 15. Nb5 Qc6 16. Bh7+ Kh8 17. Bxc5 Nxc5 18. Nd6 Be6 19. Nxe8 Rxe8 20. Bf5 a5 21. Bxe6 Nxe6 22. f3 a4 23. Rhe1 a3 24. b3 Ra8 25. Qf5 Qb6 26. Qxh5+ {1-0 Do Valle Cardoso,L (2392)-De Menezes,R (1675) 10th Floripa Open 2024 (1.11)}) 12. Kb1 Nd7 $146 ({RR} 12... Qa5 13. Nc1 Nd7 14. Nb3 Qc7 15. h3 Rad8 16. c4 Nf8 17. g4 h4 18. g5 fxg5 19. Bxg5 Be7 20. Qd2 Bxg5 21. Qxg5 Qe7 22. Qg2 Qf6 23. Rhg1 Ng6 24. Bf1 Bf5+ 25. Kc1 Be4 26. Qh2 Qf4+ 27. Qxf4 {1-0 De Oliveira,A (2036)-Luz,H (1658) Jatai Goias Rio Claro op 2022 (2)}) 13. Ng3 Bd5 14. c4 Bxg2 15. Rhg1 Bf3 16. Be2 Bg4 17. Nxh5 Bxh5 18. Bxh5 Nf8 19. Bh6 g6 20. Bxg6 Nxg6 21. Rxg6+ fxg6 22. Qxg6+ Kh8 23. Rg1 Qh7 24. Bg7+ Kg8 25. Qxh7+ Kxh7 26. Bxf6 Rg8 27. Rf1 Raf8 28. Bh4 Rg4 0-1

[Event "Olympiad Women 2024"]
[Site "Budapest HUN"]
[Date "2024.09.14"]
[Round "4.52"]
[Board "2"]
[White "Cancino, Shiela"]
[Black "Jeda Helal"]
[Result "0-1"]
[WhiteElo "1663"]
[BlackElo "1569"]
[PlyCount "46"]
[EventDate "2024.09.11"]
[WhiteTeam "Bermuda"]
[BlackTeam "Jordan"]
[WhiteTeamCountry "BER"]
[BlackTeamCountry "JOR"]

1. d4 c6 2. Nf3 d5 3. e3 Nf6 4. Bd3 Bg4 5. Nbd2 e6 6. O-O Bd6 7. c4 O-O 8. Qc2 ({RR} 8. Qb3 Qc7 9. c5 Be7 10. Ne5 Bxc5 11. dxc5 Qxe5 12. h3 Bh5 13. Qxb7 Nbd7 14. Qxc6 Rfc8 15. Qd6 Rxc5 16. Qxe5 Nxe5 17. b4 Rc6 18. Bb1 Be2 19. Re1 Bd3 20. f4 Rxc1 21. Rxc1 Nc4 22. Bxd3 Nxd2 {1-0 Kuznetsova,L (1935)-Vasiukova,E (1675) St Petersburg-ch Seniors (Women) 2022 (3)}) 8... Nbd7 9. b3 ({RR} 9. h3 Bh5 10. b3 e5 11. dxe5 Nxe5 12. Nxe5 Bxe5 13. Rb1 Bg6 14. Bxg6 hxg6 15. Nf3 Bc7 16. Rd1 Qe7 17. Bb2 dxc4 18. Qxc4 Rfd8 19. Ng5 Nh5 20. h4 Nf6 21. Ba3 Qe8 22. Bb2 Qe7 23. Ba3 Qe8 {½-½ Michna,M (2385)-Zawadzka,J (2377) Radzikowska Memorial (Women) 3rd 2013 (7)}) 9... e5 10. e4 $146 ({RR} 10. dxe5 Nxe5 11. Nxe5 Bxe5 12. Rb1 Qc7 13. h3 Bd7 14. Re1 {½-½ Kuznetsov,R (2181)-Solovjov,A (2193) Bratsk-ch 2015 (3)}) ({RR} 10. dxe5 Nxe5 11. Nxe5 Bxe5 12. Rb1 Rc8 13. h3 Be6 14. f4 Bc7 15. Nf3 dxc4 16. bxc4 b6 17. Nd4 Bd7 18. Rd1 Qe7 19. e4 g6 20. e5 Nh5 21. Be4 Bb8 22. Qb3 Rfd8 23. Qf3 c5 24. Ne2 Ng7 {1-0 Bui,T (1750)-Nguyen,T (2066) VIE-chT (Women) 2015 (2.6)}) 10... dxe4 11. Bxe4 Nxe4 12. Nxe4 Bc7 13. Neg5 g6 14. h3 Bf5 15. Qb2 h6 16. h4 hxg5 17. dxe5 g4 18. Bg5 Qb8 19. Bh6 gxf3 20. Qd2 Bxe5 21. g4 Bxg4 22. Qg5 Bh3 23. h5 Bh2+ 0-1

[Event "Olympiad Women 2024"]
[Site "Budapest HUN"]
[Date "2024.09.14"]
[Round "4.53"]
[Board "2"]
[White "Attieh, Skye"]
[Black "Amoko, Ivy Claire"]
[Result "0-1"]
[WhiteElo "1675"]
[BlackElo "1820"]
[PlyCount "120"]
[EventDate "2024.09.11"]
[WhiteTeam "Lebanon"]
[BlackTeam "Uganda"]
[WhiteTeamCountry "LBN"]
[BlackTeamCountry "UGA"]

1. e4 e5 2. Nf3 Nc6 3. Bc4 Bc5 4. c3 Nf6 5. d3 a6 6. Bb3 Ba7 7. Nbd2 h6 8. h3 d6 ({RR} 8... O-O 9. g4 d5 10. Qe2 dxe4 11. Nxe4 Na5 12. g5 Nxe4 13. Qxe4 Nxb3 14. axb3 g6 15. Nh4 Kh7 16. Rg1 h5 17. Be3 Bxe3 18. fxe3 Be6 19. c4 Qd6 20. O-O-O a5 21. d4 exd4 22. Rxd4 Qb4 23. Nxg6 {1-0 Van Foreest,M (2243)-Varney,Z (2067) Menchik Mem Challengers 2024 (9.5)}) 9. Nf1 Bd7 $146 ({RR} 9... Nh5 10. N3h2 g6 11. Qf3 Qf6 12. Qxf6 Nxf6 13. Ne3 Be6 14. Neg4 Nxg4 15. Nxg4 h5 16. Nf6+ {½-½ Lakos,N (2310)-Gonda,L (2499) Tapolca Acs Memorial op 2009 (4)}) ({RR} 9... Be6 10. Ng3 O-O 11. Nh2 d5 12. Qf3 Na5 13. Bc2 dxe4 14. dxe4 Nc4 15. Ng4 Nd7 16. O-O Qh4 17. Nf5 Bxf5 18. exf5 Nd6 19. f6 Nxf6 20. Nxf6+ gxf6 21. Kh2 f5 22. g3 Qf6 23. Qh5 Kg7 24. g4 {1-0 Morozevich,A (2774)-Adams,M (2729) Yerevan Asrian Memorial 1st rapid 2008 (5)}) ({RR} 9... Ne7 10. Nh4 Be6 11. Ba4+ c6 12. Ng3 Qd7 13. Qf3 d5 14. O-O O-O-O 15. Nhf5 Bxf5 16. exf5 h5 17. h4 Ng4 18. Bc2 g6 19. f6 Nf5 20. Bg5 Rde8 21. Kh1 Bb8 22. Nxf5 gxf5 23. c4 e4 24. dxe4 {½-½ Ahmadinia,E (2430)-Galehdari,B (2144) Esfahan Zenderood op 3rd 2011 (3)}) ({RR} 9... Be6 10. Bc2 d5 11. Qe2 d4 12. Bd2 Qd6 13. Ng3 g6 14. O-O h5 15. Ng5 h4 16. Nh1 dxc3 17. bxc3 Nh5 18. Nxe6 Qxe6 19. Kh2 Bb6 20. Be3 f5 21. Bxb6 cxb6 22. exf5 gxf5 23. f4 Ng3 24. Nxg3 {1-0 Batchimeg,T (2356)-Parnali,S (2243) Sharjah Cup Qual (Women) 11th blitz 2021 (7)}) 10. g4 Qe7 11. Be3 O-O-O 12. a4 Kb8 13. Bc2 d5 14. Qe2 d4 15. Bd2 Be6 16. Ng3 Nd7 17. b3 dxc3 18. Bxc3 g6 19. Rb1 Qd6 20. b4 Nd4 21. Nxd4 Bxd4 22. Bxd4 Qxd4 23. Qe3 Qc3+ 24. Qd2 Qxd2+ 25. Kxd2 c5 26. b5 a5 27. b6 c4 28. Rhc1 cxd3 29. Bxd3 f6 30. Rb5 Rc8 31. Rcb1 Rc6 32. Rxa5 Rxb6 33. Rab5 Rxb5 34. Rxb5 Rd8 35. Ke2 Kc7 36. Nf1 Nb8 37. Ne3 Nc6 38. Nc2 Ra8 39. f3 Rxa4 40. Ke3 b6 41. Rb2 Ra2 42. Rb1 Na5 43. Nb4 Ra3 44. Kf2 Rc3 45. Ba6 Nc4 46. Rd1 Ne3 47. Rd2 Rb3 48. Nd3 Nc4 49. Rd1 Nb2 50. Rc1+ Kd6 51. Ne1 b5 52. Bb7 Bc4 53. Kg3 Nd3 54. Nxd3 Rxd3 55. Ra1 b4 56. Ra4 Kc5 57. Ra1 b3 58. Rc1 b2 59. Rb1 Rd2 60. f4 Bd3 0-1

[Event "Olympiad Women 2024"]
[Site "Budapest HUN"]
[Date "2024.09.14"]
[Round "4.54"]
[Board "3"]
[White "lintle molise"]
[Black "Muratet Carmona, Alexandra"]
[Result "1/2-1/2"]
[WhiteElo "1583"]
[BlackElo "1796"]
[PlyCount "106"]
[EventDate "2024.09.11"]
[WhiteTeam "Lesotho"]
[BlackTeam "Andorra"]
[WhiteTeamCountry "LES"]
[BlackTeamCountry "AND"]

1. Nf3 c5 2. e3 d5 3. d4 cxd4 4. exd4 Nc6 5. Bd3 Nf6 6. O-O Bg4 ({RR} 6... g6 7. Re1 Bg7 8. c3 O-O 9. Na3 Bg4 {½-½ Popovic,D (2531)-Sedlak,N (2537) SRB-chT Kragujevac 2016 (10.8)}) 7. Be2 e6 8. b3 $146 ({RR} 8. Nbd2 Bd6 9. b3 O-O 10. Bb2 Rc8 11. h3 Bxf3 12. Nxf3 Qa5 13. a3 b5 14. Ne5 Bxe5 15. dxe5 Ne4 16. Qd3 a6 17. a4 Nb4 18. Qd1 Nxc2 19. Rc1 Nb4 20. f3 Ng3 21. Re1 Qb6+ 22. Kh2 Nf5 {0-1 Benson,O (1775)-Hotak,M (1990) Dublin Gonzaga op 2008 (4)}) ({RR} 8. Nc3 Be7 9. Qd3 O-O 10. Ne5 Bf5 11. Qd1 Rc8 12. Nxc6 Rxc6 13. Bd3 Bxd3 14. Qxd3 a6 15. Bf4 Qc8 16. Bd2 Qc7 17. Qg3 Bd6 18. Qh3 b5 19. a3 Rc8 20. Rfe1 Qb6 21. Qh4 Rc4 22. Be3 a5 {0-1 Boner,T-Erne,R (2108) 57th Biel Rapid Open 2024 (1.34)}) ({RR} 8. h3 Bh5 9. Re1 Bd6 10. Bg5 O-O 11. Ne5 Bxe2 12. Rxe2 Be7 13. c3 Rc8 14. Nd2 h6 15. Bxf6 Bxf6 16. Ndf3 Qd6 17. Qd3 Bd8 18. Rd1 Bc7 19. Rde1 Ne7 20. Qb5 a6 21. Qd7 Rfd8 22. Qxd6 Rxd6 {½-½ Pilipaviciute,A (1572)-Meskenaite,R (1523) LTU-ch U16 Girls 2015 (5)}) ({RR} 8. Bg5 Bd6 9. Nbd2 h6 10. Be3 Qc7 11. c3 O-O 12. Rc1 Bh5 13. c4 dxc4 14. Rxc4 Ng4 15. g3 Nxe3 16. fxe3 Bxg3 17. hxg3 Qxg3+ 18. Kh1 Ne7 19. Qe1 Qd6 20. Ne5 Bxe2 21. Qxe2 Nf5 22. Rg1 f6 {1-0 Gloistein,B (1735)-Zinque,E Wellington Easter op 2015 (3)}) 8... Qc7 9. Bb2 Rc8 10. Nbd2 Be7 11. a3 O-O 12. Rc1 Qb8 13. Ne5 Bf5 14. f4 Nxe5 15. fxe5 Ne4 16. Nxe4 Bxe4 17. Bd3 Bg5 18. Rb1 Qc7 19. Bxe4 dxe4 20. c4 Rcd8 21. Qe2 Qc6 22. Rbe1 e3 23. g3 Qe4 24. b4 f5 25. exf6 Bxf6 26. Qxe3 Qxe3+ 27. Rxe3 Bxd4 28. Rxf8+ Kxf8 29. Bxd4 Rxd4 30. Rxe6 Rxc4 31. Re3 Kf7 32. Kg2 Kf6 33. h3 g5 34. g4 a6 35. Kg3 h6 36. Kg2 b6 37. Kg3 Rd4 38. h4 Rd5 39. h5 Re5 40. Rf3+ Ke7 41. Rc3 Kd7 42. Kf3 Re6 43. Kg3 Kd6 44. Kf3 Kd5 45. Rc1 Kd4 46. a4 Kd5 47. Rc8 Kd4 48. b5 Rf6+ 49. Kg3 axb5 50. axb5 Kd5 51. Rc1 Re6 52. Kf3 Rf6+ 53. Kg3 Re6 1/2-1/2

[Event "Olympiad Women 2024"]
[Site "Budapest HUN"]
[Date "2024.09.14"]
[Round "4.55"]
[Board "1"]
[White "Marape, Naledi"]
[Black "Benson, Maud"]
[Result "1-0"]
[WhiteElo "1926"]
[BlackElo "1682"]
[PlyCount "37"]
[EventDate "2024.09.11"]
[WhiteTeam "Botswana"]
[BlackTeam "Ghana"]
[WhiteTeamCountry "BOT"]
[BlackTeamCountry "GHA"]

1. e4 d6 2. d4 Nf6 3. Nc3 g6 4. Be3 Bg7 5. f3 c6 6. Qd2 b5 7. Bh6 Bxh6 8. Qxh6 Nbd7 9. O-O-O b4 10. Nce2 a5 $146 ({RR} 10... Qc7 11. Nh3 Nf8 12. g4 Ne6 13. Nhf4 Qa5 14. Kb1 Nd7 15. g5 Ng7 16. Qxg7 Rf8 17. h4 e5 {0-1 Sveshnikov,V-Timofeev,A EU-ch U12 Tallinn 1997 (9)}) ({RR} 10... Qa5 11. Kb1 Nb6 12. Nc1 Be6 13. Nb3 Qh5 14. Qxh5 Nxh5 15. Ba6 Rb8 16. Ne2 Bc4 17. Bxc4 Nxc4 18. h4 f5 19. e5 O-O 20. f4 Rbd8 21. Rd3 dxe5 22. dxe5 Rxd3 23. cxd3 Ne3 24. g3 Rd8 25. Nc5 {0-1 Kovalev,V (2620)-Andreikin,D (2729) Titled Tue 6th Jun Late 2023 (11)}) ({RR} 10... e5 11. g4 Ba6 12. h4 Qe7 13. h5 O-O-O 14. Qd2 d5 15. exd5 Nxd5 16. hxg6 fxg6 17. Nf4 Nb8 {½-½ Murariu,A (2516)-Itkis,B (2447) ROM-ch Predeal 2006 (5)}) ({RR} 10... Qa5 11. Kb1 Nb6 12. Nc1 Be6 13. Nb3 Qh5 14. Qe3 Nc4 15. Bxc4 Bxc4 16. Ne2 Qb5 17. Nf4 e5 18. dxe5 dxe5 19. Rd6 exf4 20. Qd4 O-O 21. Qxf6 Bxb3 22. cxb3 Qe2 23. Qxf4 Qxg2 24. Re1 a5 25. Qg3 {1-0 Rothuis,V (2276)-Loemker,M (2096) NRW Class2 0506 2005 (2.4)}) 11. e5 Nd5 12. exd6 e6 13. Ng3 N7b6 14. Ne4 Ba6 15. Bxa6 Rxa6 16. Nh3 Nf6 17. Qg7 Kd7 18. Nc5+ Kxd6 19. Nb7+ 1-0

[Event "Olympiad Women 2024"]
[Site "Budapest HUN"]
[Date "2024.09.14"]
[Round "4.55"]
[Board "2"]
[White "Felix, Tobi"]
[Black "Gabatshwarwe Refilwe"]
[Result "1/2-1/2"]
[WhiteElo "1677"]
[BlackElo "1787"]
[PlyCount "71"]
[EventDate "2024.09.11"]
[WhiteTeam "Ghana"]
[BlackTeam "Botswana"]
[WhiteTeamCountry "GHA"]
[BlackTeamCountry "BOT"]

1. d4 d5 2. Bf4 c5 3. c3 Nc6 4. e3 Qb6 5. Qb3 c4 6. Qc2 e5 7. dxe5 Bf5 8. Qc1 g5 9. Bg3 h5 10. h3 Bg7 11. Nf3 g4 12. Nd4 ({RR} 12. hxg4 hxg4 13. Rxh8 Bxh8 14. Nd4 Nge7 15. Nd2 Bxe5 16. Bxe5 Nxe5 17. Nxf5 Nxf5 18. Qc2 Nd6 19. O-O-O O-O-O 20. Kb1 f5 21. g3 Rh8 22. Bg2 Qc5 23. Rh1 Rxh1+ 24. Bxh1 Nd3 25. Nb3 Qb6 26. Bxd5 Ne1 {1-0 Niemann,H (2592)-Bluebaum,M (2681) Lindores Abbey Blitz Tal Memorial 2021 (10.11)}) ({RR} 12. hxg4 hxg4 13. Rxh8 Bxh8 14. Nd4 Nge7 15. b3 Bxe5 16. Bh4 cxb3 17. axb3 Rc8 18. Qa3 a6 19. Nd2 Bh7 20. Be2 g3 21. Bg4 gxf2+ 22. Kxf2 Rc7 23. N2f3 Nxd4 24. cxd4 Bf6 25. Bxf6 Qxf6 26. Rc1 Rxc1 {½-½ Eriksson,J (2154)-Honey,L (1939) Reykjavik Open 2024 (2.132)}) 12... Bxb1 $146 ({RR} 12... Nge7 13. Nxf5 Nxf5 14. Bf4 O-O-O 15. hxg4 hxg4 16. Rxh8 Rxh8 17. Na3 Bxe5 18. Qd2 Bxf4 19. exf4 Re8+ 20. Be2 g3 21. O-O-O gxf2 22. Bg4 Nce7 23. Nxc4 Qe6 24. Ne3 d4 25. cxd4 Kb8 26. Nxf5 Nxf5 27. Qxf2 {0-1 Phillips,R (1852)-Simpson,M (2039) Titled Tue 10th Oct Late 2023 (4)}) ({RR} 12... Nge7 13. hxg4 hxg4 14. Rxh8+ Bxh8 15. b3 Bxe5 16. Bxe5 Nxe5 17. Nd2 Bd3 18. Qa3 Bxf1 19. Qa4+ Kf8 20. Kxf1 Qg6 21. e4 g3 22. Qb4 Re8 23. Nf5 gxf2 24. Qd6 Nd3 25. bxc4 dxe4 26. Qxg6 fxg6 27. Nd6 {0-1 Klauner,T (2032)-Van Haastert,E (2437) EU-Cup 34th Porto Carras 2018 (7.3)}) ({RR} 12... Nge7 13. Nd2 Nxe5 14. Bxe5 Bxe5 15. Nxf5 Nxf5 16. hxg4 hxg4 17. Rxh8+ Bxh8 18. Qc2 Nd6 19. Qa4+ Kf8 20. O-O-O g3 21. Qa3 Kg8 22. f3 Re8 23. Re1 Nb5 24. Qb4 a5 25. Qa4 Re6 26. e4 Bxc3 27. bxc3 {0-1 Fortuny Profitos,J (2135)-Menac Comas,J (2044) 13th ch-Mediterranean 2023 (8.15)}) 13. Nxc6 Bg6 14. Nd4 Ne7 15. hxg4 hxg4 16. Rxh8+ Bxh8 17. Be2 Nf5 18. Nxf5 Bxf5 19. Qd2 O-O-O 20. O-O-O f6 21. Bh4 Rd7 22. exf6 Bxf6 23. Bxf6 Qxf6 24. Qd4 Qe6 25. Rh1 b6 26. Qf4 Kb7 27. Rh6 Qf7 28. Bxg4 Bxg4 29. Qxg4 Ka6 30. Qg3 Qf5 31. Rh4 Qd3 32. Rd4 Qh7 33. Qf3 Qg8 34. e4 Rf7 35. Qe3 Qxg2 36. exd5 1/2-1/2

[Event "Olympiad Women 2024"]
[Site "Budapest HUN"]
[Date "2024.09.14"]
[Round "4.56"]
[Board "2"]
[White "Hermoso Rodriguez, Ysvett"]
[Black "Ramas, Carmina Jasmine"]
[Result "1-0"]
[WhiteElo "1943"]
[BlackElo "1712"]
[PlyCount "123"]
[EventDate "2024.09.11"]
[WhiteTeam "Trinidad & Tobago"]
[BlackTeam "Guam"]
[BlackTeamCountry "GMA"]

1. e4 d6 2. d4 Nf6 3. Nc3 c6 4. f3 Qc7 5. Be3 e5 ({RR} 5... g6 6. Qd2 h5 7. O-O-O Bg7 8. Kb1 Nbd7 9. Nh3 b5 10. Bd3 b4 11. Ne2 c5 12. dxc5 dxc5 13. Bb5 O-O 14. Bh6 Ne5 15. Bxg7 Kxg7 16. Nef4 Rb8 17. Be2 c4 18. Qe3 c3 19. b3 Qa5 20. Nf2 {1-0 Chigaev,M (2588)-Fedoseev,V (2678) PNWCC-ch Online blitz 2020 (9)}) ({RR} 5... a5 6. d5 a4 7. a3 g6 8. Qd2 Bg7 9. O-O-O h5 10. h4 Nbd7 11. Be2 Ne5 12. Nh3 Bd7 13. Nf2 cxd5 14. Nxd5 Nxd5 15. exd5 Nc4 16. Bxc4 Qxc4 17. Kb1 Bf5 18. Bd4 Bxd4 19. Qxd4 Bxc2+ 20. Ka1 {0-1 Moldovan,L (1884)-Gama,E (2109) Queima das Fitas Open 2024 (3.9)}) 6. Nge2 Nbd7 7. Qd2 b6 $146 ({RR} 7... b5 8. a3 a5 9. Nc1 Bb7 10. Be2 Be7 11. Nb3 b4 12. axb4 axb4 13. Rxa8+ Bxa8 14. Na2 c5 15. d5 O-O 16. g4 h5 17. gxh5 Nxh5 18. Rg1 f5 19. Bg5 Qd8 20. Nac1 f4 21. Bxe7 Qxe7 22. Bb5 {0-1 Varillas Jimenes,I (1582)-Thomas,D (1492) Pan American-ch U12 2017 (7)}) ({RR} 7... b5 8. g4 Be7 9. Ng3 Nb6 10. Nf5 Bxf5 11. gxf5 g6 12. fxg6 hxg6 13. b3 a6 14. a4 b4 15. Ne2 exd4 16. Bxd4 c5 17. Bb2 c4 18. Bd4 Nbd7 19. Nf4 c3 20. Qe3 Ne5 21. O-O-O Kf8 22. Kb1 {1-0 Skliarov,V (2376)-Hess,R (2591) Titled Tuesday intern op 28th Apr blitz 2020 (3)}) ({RR} 7... b5 8. Ng3 Nb6 9. Be2 Be7 10. O-O O-O 11. b3 Be6 12. a4 b4 13. Nd1 c5 14. d5 Bc8 15. Nb2 a5 16. Nc4 Nxc4 17. Bxc4 Ne8 18. f4 exf4 19. Bxf4 Bf6 20. Rab1 Bd4+ 21. Be3 Be5 22. Bf4 {½-½ De Borba,G (1861)-Both,V (1942) Joinville op U220 2017 (5)}) 8. g4 Bb7 9. O-O-O exd4 10. Nxd4 O-O-O 11. Be2 g6 12. h4 h5 13. Ndb5 Qb8 14. Nxd6+ Bxd6 15. Qxd6 Qxd6 16. Rxd6 Ne8 17. Rd2 hxg4 18. fxg4 f6 19. h5 Ne5 20. Rhd1 Rxd2 21. Rxd2 g5 22. Bd4 Kc7 23. Rd1 Bc8 24. Bxe5+ fxe5 25. Rf1 Be6 26. b3 Rh6 27. Kd2 Nf6 28. Rg1 Kd6 29. Ke3 b5 30. a3 Kc5 31. Nb1 Nd7 32. Nd2 a5 33. Nf3 Rf6 34. Nxg5 Bg8 35. Nh3 Nf8 36. Rf1 Rxf1 37. Bxf1 Kd6 38. g5 Ke7 39. Be2 Kf7 40. Bg4 Kg7 41. Kf3 Be6 42. Bf5 c5 43. Nf2 c4 44. bxc4 Bxc4 45. c3 Ne6 46. Bxe6 Bxe6 47. Ng4 Bb3 48. Nf6 Bd1+ 49. Kg3 Be2 50. Kh4 Bf3 51. Ng4 Bxe4 52. Nxe5 Bc2 53. Kg3 a4 54. Kf4 Bd1 55. h6+ Kh7 56. Kf5 Bc2+ 57. Kf6 Bd1 58. Ng6 Bc2 59. Nf8+ Kg8 60. h7+ Bxh7 61. Nxh7 Kxh7 62. Kf7 1-0

[Event "Olympiad Women 2024"]
[Site "Budapest HUN"]
[Date "2024.09.14"]
[Round "4.56"]
[Board "4"]
[White "Ramnarine Singh, Aradhana"]
[Black "Nacario, Ruth"]
[Result "0-1"]
[WhiteElo "1589"]
[BlackElo "1607"]
[PlyCount "78"]
[EventDate "2024.09.11"]
[WhiteTeam "Trinidad & Tobago"]
[BlackTeam "Guam"]
[BlackTeamCountry "GMA"]

1. e4 e6 2. d4 d5 3. exd5 exd5 4. Bd3 Nf6 5. Nf3 c5 6. c3 Nc6 7. O-O cxd4 ({RR} 7... Be7 8. dxc5 Bxc5 9. Re1+ Be6 10. Be3 Bxe3 11. Rxe3 O-O 12. Na3 Qb6 13. Qb3 Qxb3 14. axb3 d4 15. cxd4 Bxb3 16. Bxh7+ Kxh7 17. Rxb3 b6 18. Nb5 Rfd8 19. Rc3 Na5 20. b4 Nd5 21. bxa5 Nxc3 22. Nxc3 {1-0 Bacrot,E (2683)-Iskusnyh,S (2440) Titled Tue 9th Jan Early 2024 (8)}) 8. Nxd4 Be7 9. Bc2 $146 ({RR} 9. Nd2 O-O 10. N2f3 {½-½ Potpara,N (2345)-Draskovic,L (2504) TCh-MNE Premier 2023 (7.1)}) ({RR} 9. Nd2 Nxd4 10. cxd4 O-O 11. h3 Qb6 12. Re1 Bb4 13. a3 Bd6 14. Nb1 Bd7 15. Nc3 Rfe8 16. Re2 Rxe2 17. Bxe2 Re8 18. Bf1 h5 19. Ne2 Bb5 20. Be3 Bc4 21. b4 Qc7 22. Qc1 Rc8 23. Nf4 Qb8 {0-1 Samani,Y (2360)-Annaberdiev,M (2467) TCh-TUR Super League 2024 (10.9)}) ({RR} 9. Nd2 O-O 10. N2f3 Bg4 11. Qa4 Bd7 12. Qb3 a6 13. h3 Na5 14. Qc2 Rc8 15. Re1 Nc4 16. Bg5 h6 17. Bf4 Re8 18. Rad1 Qa5 19. Nf5 Bxf5 20. Bxf5 Rcd8 21. a4 Nd6 22. Nd4 Qc5 23. Bd3 Rc8 {½-½ Savov,P (2206)-Bonev,T (2267) BUL-ch sf 72nd 2008 (1)}) ({RR} 9. Nf5 Bxf5 10. Bxf5 O-O 11. Bf4 Bd6 12. Bg3 Re8 13. Qc2 h6 14. Bh4 g5 15. Bg3 Bxg3 16. hxg3 d4 17. Nd2 dxc3 18. bxc3 Re2 19. Bd3 Re5 20. Rad1 Rc8 21. Nc4 Rd5 22. Be2 Qc7 23. Bf3 Rc5 {1-0 Tarasov,O (2346)-Appolonov,S (2419) Moscow-ch sf 2009 (4)}) 9... Bd7 10. Bf4 O-O 11. Re1 Re8 12. Qd3 Bf8 13. Nd2 g6 14. N2f3 Bg7 15. h3 Qb6 16. Nb3 a5 17. Be3 Qc7 18. Nbd4 Nxd4 19. Bxd4 Bf5 20. Rxe8+ Rxe8 21. Qd1 Be4 22. Ba4 Re6 23. Nd2 Bd3 24. Nf1 Be2 25. Qd2 Bc4 26. Ne3 Bh6 27. Re1 Ne4 28. Qd1 Qf4 29. Ng4 Bg5 30. Be3 Qf5 31. Bd7 h5 32. Bxe6 fxe6 33. Nh2 Bxe3 34. Rxe3 Qxf2+ 35. Kh1 Qxe3 36. Nf1 Bxf1 37. Qa4 Bxg2+ 38. Kxg2 Qg3+ 39. Kf1 Qf2# 0-1

[Event "Olympiad Women 2024"]
[Site "Budapest HUN"]
[Date "2024.09.14"]
[Round "4.57"]
[Board "4"]
[White "Zengeni, Tatenda Melisa"]
[Black "Aayat Asmi"]
[Result "1-0"]
[WhiteElo "1732"]
[BlackElo "1421"]
[PlyCount "121"]
[EventDate "2024.09.11"]
[WhiteTeam "Zimbabwe"]
[BlackTeam "Pakistan"]
[WhiteTeamCountry "ZIM"]
[BlackTeamCountry "PAK"]

1. d4 Nf6 2. e3 g6 3. Bd3 Bg7 4. f4 O-O 5. Nf3 d5 6. O-O Nc6 ({RR} 6... Bg4 7. Qe1 Bxf3 8. Rxf3 e6 9. Nd2 Nc6 10. c3 Ne7 11. e4 dxe4 12. Nxe4 Nxe4 13. Bxe4 Rb8 14. Be3 Nd5 15. Bf2 Qd6 16. g3 Nf6 17. Bc2 Ng4 18. b4 Nxf2 19. Qxf2 b6 20. Re1 Rbc8 21. Rd3 {½-½ Draftian,A (2318)-Tolk,P (2241) Geraardsbergen op 2003 (5)}) 7. c3 ({RR} 7. c4 e6 8. a3 Re8 9. Nc3 dxc4 10. Bxc4 a6 11. Ba2 b6 12. Ne2 Bb7 13. Ng3 a5 14. Bd2 Nd5 15. Rc1 Nde7 16. Bb1 Nd5 17. h4 f5 18. Ng5 Bf6 19. Ba2 h6 20. Nf3 Bxh4 21. Nxh4 Qxh4 {1-0 Chagas,G-Da Luz,F (1373) 9th Floripa Open 2023 (7.227)}) 7... Ne4 $146 ({RR} 7... e6 8. Ne5 Nxe5 9. fxe5 Nd7 10. e4 c6 11. Nd2 b6 12. Qg4 f5 13. exf6 Nxf6 14. Qh4 dxe4 15. Nxe4 Nxe4 16. Rxf8+ Qxf8 17. Qxe4 Bd7 18. Bf4 c5 19. Rf1 Qc8 20. Ba6 Qe8 21. Bb7 Rd8 22. Bc7 {0-1 Pastushenko,V-Babiy,O UKR-ch U12 Girls sf 1999}) ({RR} 7... Bf5 8. b3 Bxd3 9. Qxd3 Ne4 10. Bb2 e6 11. Nbd2 f5 12. Ne5 Nxe5 13. dxe5 c6 14. Nf3 Rf7 15. Nd4 Qd7 16. Rfd1 Bf8 17. a4 Bc5 18. Nc2 g5 19. b4 Bb6 20. a5 Bd8 21. c4 a6 {1-0 Breit,N (1993)-Polchin,A (1701) Omsk CC-ch sf 2010 (6)}) ({RR} 7... Bg4 8. Qc2 Bxf3 9. Rxf3 e6 10. h3 Qd7 11. g4 Ne7 12. Rg3 Rac8 13. Qg2 c5 14. Nd2 cxd4 15. exd4 a6 16. Nf1 Ne8 17. h4 Nd6 18. h5 b5 19. Rh3 g5 20. h6 Bh8 21. Rh5 gxf4 22. Bxf4 {1-0 Oberste,N (1996)-Rausch,P Recklinghausen op 15th 2005 (2)}) 8. Nbd2 f5 9. Ne5 Nxe5 10. fxe5 e6 11. Nf3 b6 12. Bd2 a5 13. Qe2 Bb7 14. Rac1 Qc8 15. b3 Qe8 16. Rc2 Bh6 17. c4 c6 18. cxd5 cxd5 19. Rfc1 Rc8 20. Bb5 Qe7 21. a4 Rxc2 22. Rxc2 Rc8 23. Qd3 Rxc2 24. Qxc2 Nxd2 25. Qxd2 Qa3 26. Qc3 Qe7 27. Kf2 Qd8 28. g3 Qc8 29. Qxc8+ Bxc8 30. Ne1 Kf7 31. Nd3 Bf8 32. Kf3 h5 33. h4 Kg8 34. Be8 Ba6 35. Nf4 Bh6 36. Bxg6 Bxf4 37. exf4 Bd3 38. Ke3 Bc2 39. Bxh5 Kf8 40. Be2 Bxb3 41. Bb5 Ke7 42. Kd2 Kf7 43. Bd7 Ke7 44. h5 Kxd7 45. h6 Bxa4 46. h7 b5 47. h8=Q Bb3 48. Qa8 a4 49. Qb7+ Kd8 50. Qxb5 Kc7 51. Kc3 Kd8 52. Kb4 Kc7 53. Qe8 Kb6 54. Qxe6+ Kc7 55. Qxf5 Kd8 56. Qf7 Kc8 57. g4 Kd8 58. g5 Kc8 59. g6 Kd8 60. g7 Kc8 61. g8=Q# 1-0